000 01792nam2a22002891 4500
001 v19\rc\1936436
005 20251118180826.3
035 _a(NLR Aleph) 005025813
090 _a6638107
_c6638107
100 _a20080404d1913 u y0rusy50 ca
101 0 _arus
102 _aRU
105 _ay z |||||
200 1 _a[К публике
_aО народном образовании
_aО методах обучения грамоте
_aПроект общего плана устройства народных училищ
_aВоспитание и образование
_aПрогресс и определение образования
_aКому у кого учиться писать: крестьянским ребятам у нас или нам у крестьянских ребят
_aО воспитании
_aВ чем главная задача учителя
_aВыдержка из писем гр. Л.Н. Толстого к г-же П.
210 _d1913
215 _a285 с.
461 0 _1001v19\rc\1936415
_12001#$aСочинения Льва Николаевича Толстого$eТ. 1-$vТ. 25
_1700#1$3RU\NLR\AUTH\771515$7ca$aТолстой$bЛ. Н.$f1828-1910$gЛев Николаевич
_95965326
_aТолстой, Л. Н. (1828-1910)
_cПетроград
_d1912-1916
_nЖурн. "Жизнь для всех"
_oТ. 1-
_tСочинения Льва Николаевича Толстого
_vТ. 25
532 1 0 _aВыдержка из писем графа Льва Николаевича Толстого к г-же П.
540 1 _aК публике
801 0 _aRU
_bNLR
_gpsbo
801 0 _aRU
_bRuMoRGB
_2psbo
801 1 _aRU
_bProSoft-M
_2rusmarc
852 _aNLR
_j38.56.2.4
899 _aRuMoRGB
_jF 116/117
899 _aНБ СПбГУ
942 _cBOOK
980 _aNB